Tourist Route of Europe #2 - Statistics

General Stats
  • This quiz has been taken 1,548 times
  • The average score is 13 of 23
Answer Stats
Clue Type Country Destination % Correct
Belem Tower, Chiado, São Jorge Castle City Portugal Lisbon
91%
Mostly destroyed in 1989 Wall Germany Berlin Wall
89%
Nickedname the city of Music City Austria Vienna
87%
World's largest funfair held in Munich Festival Germany Oktoberfest
81%
Christianborg Palace, Tivoli Gardens, Nyhavn City Denmark Copenhagen
77%
Known for its Running of the Bulls City Spain Pamplona
73%
Galleria Vittorio Emanuele II City Italy Milan
68%
Designed by Antoni Gaudí in 1883, still not completed Church Spain Sagrada Família
65%
Clooney and Madonna own houses along its shore Lake Italy Como
64%
Medival walled city City Croatia Dubrovnik
63%
Wawel Castle, Vistula river, Collegium Maius City Poland Kraków
63%
Home to 300 Barbary macaques Rock United Kingdom Rock of Gibraltar
60%
2nd city in Norway situated on the Byfjorden City Norway Bergen
58%
Perfect pyramid Mountain Italy/Switzerland Matterhorn
58%
The original one, based on a famous Danish export Amusement Park Denmark Legoland
53%
End of the Catholic pilrimage route Camino de _______ City Spain Santiago de Compostela
47%
14th Century crossing in Prague Bridge Czech Republic Charles Bridge
46%
Consists of 79 islands along the Adriatic sea Coastline Croatia Dalmatian Coast
40%
Situated on Castle Hill, on the bank of the Danube Castle Hungary Buda Castle
35%
Picturesque lake surrounded by mountains, forests and contains one island dominated by a pilrgimage church Lake Slovenia Lake Bled
30%
Official home to Russian rulers Palace Russia Winter Palace
24%
Fortified town between the Massif Central and the Pyrenees Town France Carcassonne
21%
Tallest in Warsaw, containing museums, theaters, cinemas Building Poland Palace of Culture and Science
8%
No matching quizzes found
Score Distribution
Percent of People with Each Score
Percentile by Number Answered
Your Score History
You have not taken this quiz